[Event "WYCC U18 Girls 2019"]
[Site "Mumbai"]
[Date "2019.10.07"]
[Round "7.13"]
[White "Urh, Zala"]
[Black "Sowa, Wiktoria"]
[Result "1-0"]
[WhiteElo "2105"]
[BlackElo "2016"]
[Annotator "ChessBase"]
[PlyCount "75"]
[EventDate "2019.10.02"]
[EventType "swiss"]
[EventCountry "IND"]
[SourceTitle "playchess.com"]
[Source "ChessBase"]
[SourceQuality "1"]
[TimeControl "40/5400+30:1800+30"]

1. d4 {[%emt 0:00:00]} Nf6 {[%emt 0:00:00]} 2. c4 {[%emt 0:00:00]} g6 {[%emt 0:00:00]} 3. Nc3 {[%emt 0:00:00]} d5 {[%emt 0:00:00]} 4. cxd5 {[%emt 0:00:00]} Nxd5 {[%emt 0:00:09]} 5. e4 {[%emt 0:00:00]} Nxc3 {[%emt 0:00:03]} 6. bxc3 {[%emt 0:00:09]} Bg7 {[%emt 0:00:03]} 7. Bc4 {[%emt 0:00:13]} c5 {[%emt 0:00:20]} 8. Ne2 {[%emt 0:00:08]} O-O {[%emt 0:00:19]} 9. O-O {[%emt 0:00:09]} Nc6 {[%emt 0:00:05]} 10. Be3 {[%emt 0:00:10]} Bg4 {[%emt 0:00:28]} 11. f3 {[%emt 0:00:38]} Bd7 {[%emt 0:00:15]} 12. Rb1 {[%emt 0:00:15]} Rc8 {[%emt 0:00:44]} 13. dxc5 {[%emt 0:00:54]} Qc7 {[%emt 0:02:43]} 14. Nd4 {[%emt 0:00:21]} Ne5 {[%emt 0:02:54]} 15. Bb3 {[%emt 0:07:09]} Rfd8 {[%emt 0:02:39]} 16. Qe2 {[%emt 0:04:37]} Qa5 {[%emt 0:05:35]} 17. f4 {[%emt 0:13:18]} Ng4 {[%emt 0:07:45]} 18. Bd2 {[%emt 0:06:19]} Qxc5 {[%emt 0:01:54]} 19. e5 {[%emt 0:00:20]} Nh6 {[%emt 0:05:57]} 20. e6 {[%emt 0:13:07]} Bb5 {[%emt 0:08:26]} 21. exf7+ {[%emt 0:03:19]} Kh8 {[%emt 0:00:40]} 22. Qe6 {[%emt 0:03:07]} Bxf1 {[%emt 0:01:39]} 23. Rxf1 {[%emt 0:00:08]} Nf5 {[%emt 0:02:20]} 24. Kh1 {[%emt 0:02:16]} Nxd4 {[%emt 0:03:29]} 25. cxd4 {[%emt 0:00:13]} Qxd4 {[%emt 0:00:59]} 26. Be3 {[%emt 0:03:00]} Qd3 {[%emt 0:03:16]} 27. Re1 {[%emt 0:01:45]} Bf6 {[%emt 0:02:30]} 28. Bxa7 {[%emt 0:05:24]} Kg7 {[%emt 0:10:00]} 29. Bf2 {[%emt 0:08:25]} Qd2 {[%emt 0:02:40]} 30. Qe3 {[%emt 0:03:26]} Qb2 {[%emt 0:02:41]} 31. g4 {[%emt 0:16:32]} Rc3 {[%emt 0:22:13]} 32. Qb6 {[%emt 0:01:24]} Rd2 {[%emt 0:01:46]} 33. g5 {[%emt 0:03:22]} Rxb3 {[%emt 0:04:35]} 34. gxf6+ {[%emt 0:00:52]} exf6 {[%emt 0:00:44]} 35. Qc5 {[%emt 0:01:22]} Kxf7 {[%emt 0:01:20]} 36. Re7+ {[%emt 0:00:22]} Kf8 {[%emt 0:00:06]} 37. Rd7+ {[%emt 0:00:35]} Kg8 {[%emt 0:00:05]} 38. Qc8# {[%emt 0:00:06]} 1-0

[Event "WYCC U18 Girls 2019"]
[Site "Mumbai"]
[Date "2019.10.07"]
[Round "7.14"]
[White "Swiech, Joanna"]
[Black "Sanskriti Goyal"]
[Result "1/2-1/2"]
[WhiteElo "2054"]
[BlackElo "1980"]
[Annotator "NA"]
[PlyCount "75"]
[EventDate "2019.10.02"]
[EventType "swiss"]
[EventCountry "IND"]
[SourceTitle "playchess.com"]
[Source "ChessBase"]
[SourceQuality "1"]
[TimeControl "40/5400+30:1800+30"]

1. d4 Nf6 2. c4 c5 3. d5 e6 4. Nc3 exd5 5. cxd5 d6 6. Bf4 g6 7. h3 a6 8. a4 Bg7 9. e3 O-O 10. Nf3 Qe7 {A61: Modern Benoni: Nf3 without early e4} (10... Ne8 11. Be2 Nd7 12. O-O Rb8 13. a5 b5 14. axb6 Rxb6 15. Qc2 Qe7 16. Nd2 Ne5 17. Bh2 f5 18. Rfe1 {1-0 (36) Gledura,B (2622)-Perunovic,M (2604) Hungary 2019}) 11. Be2 Nfd7 12. Bg5 f6 13. Bh4 $146 ({Predecessor:} 13. Bf4 Ne5 14. Bxe5 fxe5 15. Nd2 Nd7 16. Bg4 Nf6 17. Bxc8 Rfxc8 18. a5 {1-0 (55) Dutra Neto,A (2429)-Degterev,P (2237) LSS email 2011}) 13... Ne5 14. Nd2 Nbd7 15. a5 g5 16. Bg3 f5 17. Bxe5 Nxe5 18. Na4 Bd7 19. Nb6 Rad8 $11 20. Qc2 Bb5 21. Ndc4 f4 22. O-O-O Nxc4 23. Nxc4 Bxc4 24. Bxc4 fxe3 25. Rhe1 Qc7 26. Rxe3 Qxa5 27. Kb1 Rf4 28. g3 Rf7 29. Rde1 Bd4 30. Re8+ Rxe8 31. Rxe8+ Kg7 32. f4 Qc7 33. Bd3 Re7 34. Rxe7+ Qxe7 35. Bxh7 Qe1+ 36. Ka2 Qa5+ 37. Kb1 Qe1+ 38. Ka2 1/2-1/2

[Event "WYCC U18 Girls 2019"]
[Site "Mumbai"]
[Date "2019.10.09"]
[Round "8.1"]
[White "Vantika Agrawal"]
[Black "Shuvalova, Polina"]
[Result "1/2-1/2"]
[WhiteElo "2283"]
[BlackElo "2412"]
[Annotator "ChessBase"]
[PlyCount "103"]
[EventDate "2019.10.02"]
[EventType "swiss"]
[EventCountry "IND"]
[SourceTitle "playchess.com"]
[Source "ChessBase"]
[SourceQuality "1"]
[TimeControl "40/5400+30:1800+30"]

1. d4 {[%emt 0:00:00]} d5 {[%emt 0:00:00]} 2. c4 {[%emt 0:00:04]} e6 {[%emt 0:00:00]} 3. Nf3 {[%emt 0:00:05]} Nf6 {[%emt 0:00:00]} 4. g3 {[%emt 0:00:27]} Bb4+ {[%emt 0:00:03]} 5. Nbd2 {[%emt 0:00:53]} dxc4 {[%emt 0:00:11]} 6. Bg2 {[%emt 0:00:50]} b5 {[%emt 0:00:07]} 7. O-O {[%emt 0:00:24]} a5 {[%emt 0:00:10]} 8. a3 {[%emt 0:04:20]} Be7 {[%emt 0:01:47]} 9. b3 {[%emt 0:03:35]} cxb3 {[%emt 0:07:18]} 10. Nxb3 {[%emt 0:09:58]} O-O {[%emt 0:05:19]} 11. Ne5 {[%emt 0:01:50]} Nd5 {[%emt 0:03:54]} 12. Bb2 {[%emt 0:09:37]} Bb7 {[%emt 0:09:48]} 13. Qc2 {[%emt 0:09:02]} Nd7 {[%emt 0:11:50]} 14. Nc6 {[%emt 0:04:24]} Bxc6 {[%emt 0:02:15]} 15. Qxc6 {[%emt 0:02:34]} a4 {[%emt 0:01:08]} 16. Nd2 {[%emt 0:01:31]} Rb8 {[%emt 0:08:03]} 17. e4 {[%emt 0:07:34]} Rb6 {[%emt 0:02:15]} 18. Qc2 {[%emt 0:00:14]} N5f6 {[%emt 0:00:08]} 19. Rfd1 {[%emt 0:09:44]} Qb8 {[%emt 0:10:10]} 20. Nf3 {[%emt 0:17:12]} c5 {[%emt 0:06:39]} 21. dxc5 {[%emt 0:02:14]} Rc8 {[%emt 0:03:36]} 22. e5 {[%emt 0:02:10]} Nd5 {[%emt 0:01:15]} 23. Qe2 {[%emt 0:03:41]} Nxc5 {[%emt 0:03:44]} 24. Nd4 {[%emt 0:01:56]} Bf8 {[%emt 0:02:36]} 25. Rac1 {[%emt 0:01:27]} g6 {[%emt 0:03:16]} 26. h4 {[%emt 0:01:00]} b4 {[%emt 0:04:04]} 27. axb4 {[%emt 0:00:56]} Nxb4 {[%emt 0:01:44]} 28. Ba3 {[%emt 0:01:02]} Nb3 {[%emt 0:01:28]} 29. Rxc8 {[%emt 0:00:21]} Qxc8 {[%emt 0:00:19]} 30. h5 {[%emt 0:05:06]} Nd5 {[%emt 0:04:27]} 31. Bxf8 {[%emt 0:00:16]} Qxf8 {[%emt 0:01:19]} 32. Bxd5 {[%emt 0:00:58]} exd5 {[%emt 0:00:34]} 33. hxg6 {[%emt 0:00:23]} hxg6 {[%emt 0:00:32]} 34. e6 {[%emt 0:00:36]} Nxd4 {[%emt 0:02:48]} 35. exf7+ {[%emt 0:00:05]} Qxf7 {[%emt 0:00:10]} 36. Rxd4 {[%emt 0:00:04]} a3 {[%emt 0:00:35]} 37. Ra4 {[%emt 0:00:35]} Rb2 {[%emt 0:04:08]} 38. Ra8+ {[%emt 0:00:33]} Kh7 {[%emt 0:00:17]} 39. Qe3 {[%emt 0:00:24]} d4 {[%emt 0:00:59]} 40. Qxd4 {[%emt 0:00:54]} Rb1+ {[%emt 0:00:21]} 41. Kh2 {[%emt 0:02:14]} Rh1+ {[%emt 0:02:45]} 42. Kxh1 {[%emt 0:00:21]} Qf3+ {[%emt 0:00:08]} 43. Kh2 {[%emt 0:01:18]} Qxa8 {[%emt 0:00:05]} 44. Qd7+ {[%emt 0:01:11]} Kh8 {[%emt 0:00:18]} 45. Qh3+ {[%emt 0:01:30]} Kg7 {[%emt 0:00:51]} 46. Qd7+ {[%emt 0:00:10]} Kg8 {[%emt 0:02:32]} 47. Qe6+ {[%emt 0:00:21]} Kg7 {[%emt 0:00:04]} 48. Qe7+ {[%emt 0:01:43]} Kg8 {[%emt 0:00:10]} 49. Qe6+ {[%emt 0:00:04]} Kg7 {[%emt 0:00:03]} 50. Qe7+ {[%emt 0:00:03]} Kg8 {[%emt 0:00:04]} 51. Qe6+ {[%emt 0:00:02]} Kg7 {[%emt 0:00:04]} 52. Qe7+ {[%emt 0:00:04]} 1/2-1/2

[Event "WYCC U18 Girls 2019"]
[Site "Mumbai"]
[Date "2019.10.09"]
[Round "8.2"]
[White "Afonasieva, Anna"]
[Black "Schulze, Lara"]
[Result "1/2-1/2"]
[WhiteElo "2312"]
[BlackElo "2327"]
[Annotator "ChessBase"]
[PlyCount "148"]
[EventDate "2019.10.02"]
[EventType "swiss"]
[EventCountry "IND"]
[SourceTitle "playchess.com"]
[Source "ChessBase"]
[SourceQuality "1"]
[TimeControl "40/5400+30:1800+30"]

1. d4 {[%emt 0:00:00]} Nf6 {[%emt 0:00:00]} 2. Nf3 {[%emt 0:00:00]} e6 3. c4 {[%emt 0:00:00]} b6 {[%emt 0:00:00]} 4. g3 {[%emt 0:00:00]} Ba6 {[%emt 0:00:00]} 5. Qc2 {[%emt 0:01:23]} c5 {[%emt 0:00:44]} 6. Bg2 {[%emt 0:11:14]} Nc6 {[%emt 0:22:00]} 7. dxc5 {[%emt 0:01:15]} bxc5 {[%emt 0:03:08]} 8. O-O {[%emt 0:01:34]} Be7 {[%emt 0:01:00]} 9. Rd1 {[%emt 0:05:47]} O-O {[%emt 0:01:52]} 10. Nc3 {[%emt 0:06:27]} Rc8 {[%emt 0:05:14]} 11. b3 {[%emt 0:02:35]} d5 {[%emt 0:07:03]} 12. cxd5 {[%emt 0:06:38]} exd5 {[%emt 0:02:08]} 13. Bh3 {[%emt 0:14:48]} Rb8 {[%emt 0:09:49]} 14. Bf4 {[%emt 0:01:15]} Rb4 {[%emt 0:06:39]} 15. Ne5 {[%emt 0:15:28]} Nd4 {[%emt 0:08:21]} 16. Qb2 {[%emt 0:02:21]} Bd6 {[%emt 0:01:17]} 17. Nd3 {[%emt 0:03:27]} Bxd3 {[%emt 0:02:58]} 18. Bxd6 {[%emt 0:00:50]} Qxd6 {[%emt 0:03:03]} 19. Rxd3 {[%emt 0:00:14]} Qe5 {[%emt 0:01:08]} 20. Bg2 {[%emt 0:02:55]} c4 {[%emt 0:04:12]} 21. Rd2 {[%emt 0:04:32]} cxb3 {[%emt 0:02:01]} 22. e3 {[%emt 0:05:40]} Nc2 {[%emt 0:05:02]} 23. Rc1 {[%emt 0:01:40]} Rc4 {[%emt 0:08:25]} 24. axb3 {[%emt 0:03:14]} Qxc3 {[%emt 0:02:26]} 25. Rcxc2 {[%emt 0:00:51]} Qxb2 {[%emt 0:00:49]} 26. Rxb2 {[%emt 0:00:04]} Rc1+ {[%emt 0:00:27]} 27. Bf1 {[%emt 0:00:05]} h5 {[%emt 0:00:40]} 28. Kg2 {[%emt 0:00:32]} a5 {[%emt 0:01:27]} 29. Be2 {[%emt 0:03:04]} Rb8 {[%emt 0:00:50]} 30. Rd4 {[%emt 0:01:13]} Ra1 {[%emt 0:01:28]} 31. Bf3 {[%emt 0:00:57]} Rb5 {[%emt 0:00:33]} 32. Rc2 {[%emt 0:01:04]} Rxb3 {[%emt 0:00:31]} 33. Rc8+ {[%emt 0:00:10]} Kh7 {[%emt 0:00:01]} 34. Bxd5 {[%emt 0:00:17]} Nxd5 {[%emt 0:00:30]} 35. Rxd5 {[%emt 0:00:04]} Rb2 {[%emt 0:00:59]} 36. Rxh5+ {[%emt 0:01:14]} Kg6 {[%emt 0:00:01]} 37. Rcc5 {[%emt 0:00:52]} a4 {[%emt 0:00:29]} 38. Rhg5+ {[%emt 0:01:23]} Kh6 {[%emt 0:00:09]} 39. Rg4 {[%emt 0:00:38]} a3 40. Ra5 {[%emt 0:00:13]} Raa2 {[%emt 0:01:56]} 41. Rf4 {[%emt 0:30:35]} f6 {[%emt 0:03:17]} 42. h4 {[%emt 0:00:00]} Re2 {[%emt 0:01:46]} 43. Rf3 {[%emt 0:00:00]} Ra1 {[%emt 0:01:03]} 44. Rf4 {[%emt 0:00:00]} Raa2 {[%emt 0:01:35]} 45. Kf1 {[%emt 0:00:00]} Rec2 {[%emt 0:01:23]} 46. g4 {[%emt 0:00:00]} Rc1+ {[%emt 0:02:46]} 47. Kg2 {[%emt 0:00:00]} Re1 {[%emt 0:00:37]} 48. g5+ {[%emt 0:00:00]} fxg5 {[%emt 0:00:22]} 49. hxg5+ {[%emt 0:00:00]} Kg6 {[%emt 0:03:47]} 50. e4 {[%emt 0:00:00]} Rae2 {[%emt 0:04:13]} 51. Ra6+ {[%emt 0:00:00]} Kh5 {[%emt 0:08:12]} 52. Rxa3 {[%emt 0:01:00]} Rxe4 {[%emt 0:00:20]} 53. Kf3 {[%emt 0:03:28]} Re5 {[%emt 0:02:00]} 54. Rf8 {[%emt 0:01:38]} Kxg5 {[%emt 0:01:21]} 55. Kg2 {[%emt 0:00:44]} Kg6 {[%emt 0:01:41]} 56. f4 {[%emt 0:00:20]} R5e2+ {[%emt 0:00:33]} 57. Kf3 {[%emt 0:00:09]} Rh2 {[%emt 0:01:25]} 58. Ra6+ {[%emt 0:02:13]} Kh7 {[%emt 0:00:02]} 59. Raa8 {[%emt 0:01:20]} Rb2 {[%emt 0:02:03]} 60. f5 {[%emt 0:00:54]} Rf1+ {[%emt 0:00:14]} 61. Ke3 {[%emt 0:00:19]} Re1+ {[%emt 0:01:06]} 62. Kd4 {[%emt 0:00:33]} Kh6 {[%emt 0:00:18]} 63. Ra6+ {[%emt 0:00:41]} Kh7 {[%emt 0:00:36]} 64. Rf7 {[%emt 0:00:35]} Rd2+ {[%emt 0:00:22]} 65. Kc3 {[%emt 0:00:16]} Red1 {[%emt 0:00:25]} 66. Rg6 {[%emt 0:01:16]} Rd3+ {[%emt 0:00:39]} 67. Kc4 {[%emt 0:00:04]} Rd4+ {[%emt 0:00:13]} 68. Kc5 {[%emt 0:00:05]} Rd5+ {[%emt 0:00:43]} 69. Kc6 {[%emt 0:00:05]} Rxf5 {[%emt 0:00:38]} 70. Rfxg7+ {[%emt 0:00:32]} Kh8 {[%emt 0:00:01]} 71. Rg8+ {[%emt 0:00:11]} Kh7 {[%emt 0:00:07]} 72. R6g7+ {[%emt 0:00:04]} Kh6 {[%emt 0:00:07]} 73. Rg2 {[%emt 0:00:10]} Kh7 {[%emt 0:00:42]} 74. R8g3 {[%emt 0:02:00]} Rh5 {[%emt 0:00:45]} 1/2-1/2

[Event "WYCC U18 Girls 2019"]
[Site "Mumbai"]
[Date "2019.10.09"]
[Round "8.3"]
[White "Yan, Tianqi"]
[Black "Sliwicka, Alicja"]
[Result "1-0"]
[WhiteElo "2236"]
[BlackElo "2307"]
[Annotator "ChessBase"]
[PlyCount "89"]
[EventDate "2019.10.02"]
[EventType "swiss"]
[EventCountry "IND"]
[SourceTitle "playchess.com"]
[Source "ChessBase"]
[SourceQuality "1"]
[TimeControl "40/5400+30:1800+30"]

1. e4 {[%emt 0:00:00]} e5 {[%emt 0:00:00]} 2. Nf3 {[%emt 0:00:00]} Nc6 {[%emt 0:00:00]} 3. Bb5 {[%emt 0:00:00]} a6 {[%emt 0:00:00]} 4. Ba4 {[%emt 0:00:00]} Nf6 {[%emt 0:00:00]} 5. O-O {[%emt 0:01:37]} Be7 {[%emt 0:00:02]} 6. Qe2 {[%emt 0:00:54]} b5 {[%emt 0:02:35]} 7. Bb3 {[%emt 0:00:08]} d6 {[%emt 0:06:55]} 8. c3 {[%emt 0:00:13]} O-O {[%emt 0:02:00]} 9. Rd1 {[%emt 0:01:57]} Na5 {[%emt 0:08:03]} 10. Bc2 {[%emt 0:00:10]} c5 {[%emt 0:00:55]} 11. d4 {[%emt 0:00:37]} Qc7 {[%emt 0:02:23]} 12. d5 {[%emt 0:01:17]} c4 {[%emt 0:06:32]} 13. b4 {[%emt 0:05:18]} cxb3 {[%emt 0:05:30]} 14. axb3 {[%emt 0:00:04]} Bg4 {[%emt 0:07:10]} 15. h3 {[%emt 0:17:27]} Bh5 {[%emt 0:01:13]} 16. Bb2 {[%emt 0:08:01]} Nd7 {[%emt 0:09:17]} 17. Ra2 {[%emt 0:06:24]} Nb7 {[%emt 0:03:43]} 18. b4 {[%emt 0:01:50]} Nb6 {[%emt 0:06:12]} 19. Nbd2 {[%emt 0:04:31]} Nc4 {[%emt 0:11:29]} 20. Nxc4 {[%emt 0:01:31]} bxc4 {[%emt 0:00:45]} 21. g4 {[%emt 0:12:51]} Bg6 {[%emt 0:00:09]} 22. Ba4 {[%emt 0:00:32]} a5 {[%emt 0:02:46]} 23. Bc6 {[%emt 0:03:57]} axb4 {[%emt 0:03:07]} 24. Rxa8 {[%emt 0:00:10]} Rxa8 {[%emt 0:00:04]} 25. cxb4 {[%emt 0:00:07]} Ra2 {[%emt 0:04:07]} 26. Ra1 {[%emt 0:00:18]} Rxa1+ {[%emt 0:00:31]} 27. Bxa1 {[%emt 0:00:04]} Nd8 {[%emt 0:01:40]} 28. Qxc4 {[%emt 0:00:53]} Nxc6 {[%emt 0:02:48]} 29. dxc6 {[%emt 0:02:46]} Bd8 {[%emt 0:01:34]} 30. Qd5 {[%emt 0:06:18]} Kf8 {[%emt 0:01:11]} 31. b5 {[%emt 0:02:30]} f6 {[%emt 0:01:03]} 32. Bc3 {[%emt 0:02:08]} Bf7 {[%emt 0:00:38]} 33. Qd3 {[%emt 0:01:18]} Qb8 {[%emt 0:04:59]} 34. Nd2 {[%emt 0:04:45]} Bb6 {[%emt 0:01:58]} 35. Bb4 {[%emt 0:01:15]} Ke7 {[%emt 0:00:56]} 36. Nc4 {[%emt 0:01:11]} Bxc4 {[%emt 0:00:10]} 37. Qxc4 {[%emt 0:00:04]} Bc7 {[%emt 0:01:48]} 38. Bd2 {[%emt 0:01:41]} Bb6 {[%emt 0:02:24]} 39. Be3 {[%emt 0:00:44]} Bxe3 {[%emt 0:00:11]} 40. c7 {[%emt 0:03:06]} Qc8 {[%emt 0:01:44]} 41. fxe3 {[%emt 0:30:07]} h5 {[%emt 0:30:56]} 42. b6 {[%emt 0:01:25]} Kd7 {[%emt 0:00:53]} 43. Qb5+ {[%emt 0:00:19]} Ke7 {[%emt 0:00:07]} 44. Qc6 {[%emt 0:00:14]} hxg4 {[%emt 0:00:39]} 45. b7 {[%emt 0:00:08]} 1-0

[Event "WYCC U18 Girls 2019"]
[Site "Mumbai"]
[Date "2019.10.09"]
[Round "8.4"]
[White "Serikbay, Assel"]
[Black "Obolentseva, Alexandra"]
[Result "0-1"]
[WhiteElo "2208"]
[BlackElo "2282"]
[Annotator "ChessBase"]
[PlyCount "112"]
[EventDate "2019.10.02"]
[EventType "swiss"]
[EventCountry "IND"]
[SourceTitle "playchess.com"]
[Source "ChessBase"]
[SourceQuality "1"]
[TimeControl "40/5400+30:1800+30"]

1. d4 {[%emt 0:00:00]} Nf6 {[%emt 0:00:00]} 2. c4 {[%emt 0:00:00]} e6 {[%emt 0:00:09]} 3. g3 {[%emt 0:00:00]} c5 {[%emt 0:00:08]} 4. d5 {[%emt 0:00:07]} exd5 {[%emt 0:00:07]} 5. cxd5 {[%emt 0:00:08]} d6 {[%emt 0:00:07]} 6. Nc3 {[%emt 0:00:17]} g6 {[%emt 0:00:10]} 7. Bg2 {[%emt 0:00:30]} Bg7 {[%emt 0:00:10]} 8. Nf3 {[%emt 0:00:16]} O-O {[%emt 0:00:09]} 9. O-O {[%emt 0:00:19]} Re8 {[%emt 0:00:09]} 10. Bf4 {[%emt 0:00:40]} a6 {[%emt 0:00:11]} 11. a4 {[%emt 0:00:32]} Nh5 {[%emt 0:00:10]} 12. Bg5 {[%emt 0:00:46]} Qc7 {[%emt 0:00:09]} 13. Qd2 {[%emt 0:03:44]} Nd7 {[%emt 0:00:31]} 14. Rfc1 {[%emt 0:03:37]} Rb8 {[%emt 0:00:10]} 15. a5 {[%emt 0:03:57]} b5 {[%emt 0:01:28]} 16. axb6 {[%emt 0:00:08]} Rxb6 {[%emt 0:00:22]} 17. Rab1 {[%emt 0:02:53]} Qb8 {[%emt 0:06:09]} 18. Qc2 {[%emt 0:18:11]} Ne5 {[%emt 0:12:09]} 19. Nxe5 {[%emt 0:07:59]} Rxe5 {[%emt 0:00:00]} 20. Bd2 {[%emt 0:01:06]} Re7 {[%emt 0:01:54]} 21. Re1 {[%emt 0:06:58]} Reb7 {[%emt 0:03:17]} 22. Bc1 {[%emt 0:00:27]} Bd7 {[%emt 0:01:07]} 23. e4 {[%emt 0:01:39]} Rb3 {[%emt 0:04:54]} 24. Ra1 {[%emt 0:11:46]} Rxb2 {[%emt 0:00:23]} 25. Bxb2 {[%emt 0:00:06]} Rxb2 {[%emt 0:00:04]} 26. Reb1 {[%emt 0:09:00]} Bxc3 {[%emt 0:00:10]} 27. Rxb2 {[%emt 0:00:03]} Qxb2 {[%emt 0:00:07]} 28. Qxb2 {[%emt 0:00:03]} Bxb2 {[%emt 0:00:09]} 29. Rxa6 {[%emt 0:00:08]} c4 {[%emt 0:04:11]} 30. Bf1 {[%emt 0:02:11]} c3 {[%emt 0:00:21]} 31. Bd3 {[%emt 0:00:44]} Bb5 {[%emt 0:00:28]} 32. Ra8+ {[%emt 0:00:09]} Kg7 {[%emt 0:00:05]} 33. Bc2 {[%emt 0:00:13]} Nf6 {[%emt 0:00:32]} 34. Rb8 {[%emt 0:00:46]} Be2 {[%emt 0:00:24]} 35. f4 {[%emt 0:21:15]} Bf3 {[%emt 0:00:59]} 36. e5 {[%emt 0:00:53]} dxe5 {[%emt 0:00:12]} 37. d6 {[%emt 0:00:22]} exf4 {[%emt 0:00:24]} 38. gxf4 {[%emt 0:01:37]} Bg4 {[%emt 0:00:38]} 39. Rb7 {[%emt 0:02:37]} Be6 {[%emt 0:01:17]} 40. Kf2 {[%emt 0:00:42]} Ba3 {[%emt 0:00:38]} 41. Rc7 {[%emt 0:31:58]} Bxd6 {[%emt 0:30:12]} 42. Rxc3 {[%emt 0:00:03]} Bxf4 {[%emt 0:00:08]} 43. h3 {[%emt 0:00:32]} Be5 {[%emt 0:00:34]} 44. Ra3 {[%emt 0:00:36]} Nh5 {[%emt 0:00:33]} 45. Bd1 {[%emt 0:00:59]} Nf4 {[%emt 0:00:34]} 46. h4 {[%emt 0:00:42]} h5 {[%emt 0:00:27]} 47. Ra5 {[%emt 0:00:47]} Bd4+ {[%emt 0:00:20]} 48. Kg3 {[%emt 0:00:06]} Nd3 {[%emt 0:00:09]} 49. Bc2 {[%emt 0:00:42]} Ne5 {[%emt 0:00:17]} 50. Ra4 {[%emt 0:00:35]} Bc5 {[%emt 0:00:07]} 51. Bd1 {[%emt 0:00:23]} Bd6 {[%emt 0:01:16]} 52. Ra6 {[%emt 0:00:48]} Nc4+ {[%emt 0:00:06]} 53. Kf2 {[%emt 0:00:11]} Bc5+ {[%emt 0:00:05]} 54. Kg3 {[%emt 0:00:08]} Ne3 {[%emt 0:00:05]} 55. Bf3 {[%emt 0:00:43]} Nf5+ {[%emt 0:00:07]} 56. Kh3 {[%emt 0:00:56]} Bf2 {[%emt 0:00:26]} 0-1